| 000 | 00638nam a2200193 a 4500 | ||
|---|---|---|---|
| 005 | 20230318063634.0 | ||
| 008 | 050221s1991 es r 000 0 spa d | ||
| 020 | _a8429732446 | ||
| 035 | _aUPN01000138286 | ||
| 049 | _aCG | ||
| 050 | 4 |
_aP53 _bH8.3 |
|
| 100 | 1 |
_aHumboldt, Wilhelm von, _d1767-1835 |
|
| 245 | 1 | 0 |
_aEscitos sobre el lenguaje / _cWilhelm von Humboldt ; tr. de Andrés Sánchez Pascual ; pról. de José María Valverde. |
| 260 |
_aBarcelona, Esp. : _bPenínsula, _c1991. |
||
| 300 | _a163 p. | ||
| 440 | 0 |
_aHistoria/ciencia/sociedad ; _v225 |
|
| 650 | 4 |
_aLenguaje y lenguas _xEstudio y enseñanza _96150 |
|
| 905 | _aLibro | ||
| 999 |
_c110434 _d110434 |
||